000 00343nam a2200133Ia 4500
008 100328s9999 xx 000 0 und d
082 _b45600
100 _aकाकडे द.स.
245 _aबिबळ्या
260 _bसत्यजय
630 _aबिबळ्या
730 _aबिबळ्या
942 _cBOOK
999 _c533708
_d533705